GOLWALLA'S MEDICINE FOR STUDENTS (Record no. 216893)

MARC details
000 -LEADER
fixed length control field 00536nam a22001697a 4500
008 - FIXED-LENGTH DATA ELEMENTS--GENERAL INFORMATION
fixed length control field 260330b |||||||| |||| 00| 0 eng d
020 ## - INTERNATIONAL STANDARD BOOK NUMBER
International Standard Book Number 978-93-5696-493-8
100 ## - MAIN ENTRY--PERSONAL NAME
Personal name GOLWALLA, ASPI F.
245 ## - TITLE STATEMENT
Title GOLWALLA'S MEDICINE FOR STUDENTS
Remainder of title A REFERENCE BOOK FOR THE FAMILY PHYSICIAN
260 ## - PUBLICATION, DISTRIBUTION, ETC.
Place of publication, distribution, etc. NEW DELHI
Name of publisher, distributor, etc. JAYPEE BROTHERS MEDICAL PUBLISHERS
Date of publication, distribution, etc. 2024
300 ## - PHYSICAL DESCRIPTION
Extent XXI, 1064P.
500 ## - GENERAL NOTE
General note INCLUDES INDEX
650 ## - SUBJECT ADDED ENTRY
Topical term or geographic name entry element INTERNAL MEDICINE OUTLINES, SYLLABI
700 ## - ADDED ENTRY--PERSONAL NAME
Personal name GOLWALLA, SHARUKH
942 ## - ADDED ENTRY ELEMENTS (KOHA)
Source of classification or shelving scheme Library of Congress Classification
Koha item type Long Loan Book
Holdings
Withdrawn status Lost status Source of classification or shelving scheme Damaged status Not for loan Collection Home library Current library Shelving location Date acquired Inventory number Total checkouts Full call number Barcode Date last seen Copy number Price effective from Koha item type
    Library of Congress Classification     Medicine Kisii University Library Kisii University Library On Display 03/30/2026 112622   RC 58 .G65 2024 A000138 03/30/2026 1 03/30/2026 Long Loan Book
    Library of Congress Classification     Medicine Kisii University Library Kisii University Library On Display 03/30/2026 112623   RC 58 .G65 2024 A000135 03/30/2026 2 03/30/2026 Long Loan Book
    Library of Congress Classification     Medicine Kisii University Library Kisii University Library On Display 03/30/2026 112624   RC 58 .G65 2024 A000133 03/30/2026 3 03/30/2026 Long Loan Book
    Library of Congress Classification     Medicine Kisii University Library Kisii University Library On Display 03/30/2026 112625   RC 58 .G65 2024 A000136 03/30/2026 4 03/30/2026 Long Loan Book